Normal view
MARC view
- Bowie David
Entry Personal Name
001 - CONTROL NUMBER
- control field: 32084
003 - CONTROL NUMBER IDENTIFIER
- control field: IT-RoPau
005 - DATE AND TIME OF LATEST TRANSACTION
- control field: 20140626165920.0
008 - FIXED-LENGTH DATA ELEMENTS
- fixed length control field: 140626|| aca||aabn | a|a d
040 ## - CATALOGING SOURCE
- Original cataloging agency: IT-RoPau
- Transcribing agency: IT-RoPau
100 ## - HEADING--PERSONAL NAME
- Personal name: Bowie David
- Dates associated with a name: Codice autore musica SPICS: 8891
- Relator term: Autore musica
- Name of part/section of a work: Lust For Life - Nightclubbing
670 ## - SOURCE DATA FOUND
- Source citation: Work cat.: (IT-RoPau)99204: AA.VV. 794, Trainspotting